| 000 | 00952nam a22002537a 4500 | ||
|---|---|---|---|
| 005 | 20170123164144.0 | ||
| 010 | _aB-124585 | ||
| 020 |
_c130.00 _a8178832433 |
||
| 035 | _aB-124585 | ||
| 037 | _bCen Lib/Ret | ||
| 040 |
_aDPL _bPN |
||
| 082 |
_aਕ _bਸੰਘੇੜਾ |
||
| 100 |
_aਸੰਘੇੜਾ, ਬਲਬੀਰ ਕੌਰ _9119931 |
||
| 245 |
_aਠੰਡੀ ਹਵਾ / _cਬਲਬੀਰ ਕੌਰ ਸੰਘੇੜਾ |
||
| 246 |
_aThandi hawa : short stories / _bby Balbir Kaur Sanghera |
||
| 260 |
_aਲੁਧਿਆਣਾ _bਚੇਤਨਾ ਪ੍ਰਕਾਸ਼ਨ _c2005 |
||
| 270 |
_aਪੰਜਾਬੀ ਭਵਨ _bਲੁਧਿਆਣਾ |
||
| 300 |
_a125p ; _c20cm |
||
| 650 |
_aਪੰਜਾਬੀ -- ਕਹਾਣੀਆ _9119932 |
||
| 650 |
_aਸਾਹਿਤ -- ਪੰਜਾਬੀ _9119933 |
||
| 650 |
_aliterature -- Punjabi _9114104 |
||
| 650 |
_aPunjabi -- story _9116063 |
||
| 942 |
_2ddc _cPN _hਕ _mਸੰਘੇੜਾ |
||
| 999 |
_c109845 _d109845 |
||